Normal view
MARC view
- Siljak, Dragoslav D
Entry Personal Name
001 - CONTROL NUMBER
- control field: 81507
003 - CONTROL NUMBER IDENTIFIER
- control field: NUST
005 - DATE AND TIME OF LATEST TRANSACTION
- control field: 20210813101837.0
008 - FIXED-LENGTH DATA ELEMENTS
- fixed length control field: 210813|| aca||aabn | a|a d
040 ## - CATALOGING SOURCE
- Original cataloging agency: NUST
- Transcribing agency: NUST
100 ## - HEADING--PERSONAL NAME
- Personal name: Siljak, Dragoslav D
670 ## - SOURCE DATA FOUND
- Source citation: Work cat.: (NUST)33118: Zečević, Aleksandar I. 81505, Control of complex systems , 2010.
